000
00298nam a2200133Ia 4500
100
_a
Little/Richard L
942
_c
BK
654
_a
Welding Technology
245
_a
Welding & Welding Technology
260
_b
McGraw Hill
_a
NEWYORK
_c
1973
082
_a
671.5
300
_a
435
546
_a
ENGLISH
999
_c
25887
_d
25887